Pixar : Personnages par images - Statistiques

Statistiques générales
  • Ce quiz a été pris 562 fois
  • Le résultat moyen est 12 sur 16
Statistiques - réponses
Par images Réponse % Correct
Nemo
97%
Buzz
96%
Dory
96%
Flash McQueen
96%
Joie
95%
Wall-E
92%
Martin
86%
Bob
81%
Rémy
81%
Jessie
67%
Sully
67%
Edna
65%
Eve
65%
Miguel
57%
Flèche
54%
Russell
37%
Aucun quiz correspondant
Distribution des résultats
% des personnes avec chaque résultat
Percentile par nombre de réponses
Votre historique - résultats
Vous n’avez pas pris ce quiz